Statistics for Top Butter Consuming Countries

Click here to take the quiz!

General Stats

  • This quiz has been taken 46 times
  • The average score is 14 of 19

Answer Stats

kilogramsCountry% Correct
3.2United Kingdom
95%
6Germany
91%
8France
88%
5Austria
84%
4.9Denmark
81%
3Netherlands
81%
5.4Switzerland
81%
3.9Australia
79%
4.9New Zealand
77%
4.3Poland
77%
3.3Finland
72%
5.8Iceland
70%
3Norway
70%
5.5Czech Republic
67%
3.5Slovakia
65%
4.8Luxembourg
63%
3.8India
60%
3.3Lithuania
58%
4.8Pakistan
33%

Score Distribution

Percentile by Number Answered

Percent of People with Each Score

Your Score History

You have not taken this quiz